Представление документа в формате RUSMARC

ПолеНазваниеЗначение
  Тип записи a
  Библиографический уровень a
001 Контрольный номер RU/УОНБ/EK_Kray/521736658
005 Дата корректировки 20240131005111.2
100 Данные общей обработки __
a Данные общей обработки 20160713d2016 ||| 0rusy0189 ca
101 Язык документа 0_
a Язык текста rus
102 Страна публикации __
a Страна публикации RU
105 Кодированные данные (монография) __
a Кодированные данные (монография) y###||||000|y
200 Заглавие и сведения об ответственности 1_
a Заглавие Анимация стала женская
e Сведения, относящиеся к заглавию беседа с гостем кинофестиваля "От всей души", художником-постановщиком анимационного кино М. В. Курчевской
f Первые сведения об ответственности Марина Вадимовна Курчевская
215 Физическое описание __
c Иллюстрации/тип воспроизводства 1 портр.
461 Уровень набора _0
1 2000
a Ульяновская правда
1 011
463 Уровень физической единицы _0
1 001RU/УОНБ/EK_Kray/521733615
1 2000
a 3 июня
v С. 5.
1 210
d 2016
600 Персоналии _1
a Персоналии (Фамилия) Курчевская, Марина Вадимовна
610 Ключевые слова 0_
a Ключевые слова анимационное кино
610 Ключевые слова 0_
a Ключевые слова художники
610 Ключевые слова 0_
a Ключевые слова фестиваль "От всей души"
610 Ключевые слова 0_
a Ключевые слова кинофестивали
610 Ключевые слова 0_
a Ключевые слова международные фестивали
686 Индексы других классификаций __
a Классификационный индекс 85.37
2 Код системы rubbk
700 Автор _1
a Фамилия Курчевская
b Имя (инициалы) М. В.
g Полное личное имя Марина Вадимовна
4 Код отношения 460
702 Вторичная интеллектуальная ответственность _1
a Фамилия Антонова
b Имя (инициалы) И.
g Полное личное имя Ирина
4 Код отношения 470
801 Источник записи _0
a Страна RU
b Организация Ульяновская ОНБ
c Дата составления 20160713
g Правила каталогизации RCR
801 Источник записи _1
a Страна RU
b Организация Ульяновская ОНБ
c Дата составления 20160713
g Правила каталогизации RCR
901 Тип документа __
t Тип документа b
w Контрольный № источника RU/УОНБ/EK_Kray/521733615
909 Создатель записи __
a Создатель записи Морозова Н.А.
938 Служебная информация __
a Имя БД kraeved_work
b Имя библиотеки УОНБ
c Имя АИБС МАРК-SQL
d Номер DOC_ID в БД 122174